| 000 | 00903nmm a2200241 a 4500 | ||
|---|---|---|---|
| 001 | ocm000788015 | ||
| 003 | TR-IsHL | ||
| 005 | 20201028123948.0 | ||
| 008 | 130902s1995 tu tur | ||
| 007 | cr cn | ||
| 035 |
_a788015 _b(N$T) |
||
| 050 | 0 | 4 |
_aQA76.76 _b.W56 1995 |
| 090 | 0 | 4 |
_aQA76.76 _b.W56 1995 |
| 245 | 1 | 0 |
_aAnkara Universitesi Fen Fakultesi bilgisayar kursu ders notlari: MS Dos-Windows95, MS Access 7.0, MS Word 7.0, MS Excel 7.0, Internet _h[electronic resource] |
| 260 |
_aAnkara : _bAnkara Üniversitesi Fen Fakültesi, _c1995 |
||
| 300 | _a229 p. | ||
| 650 | 4 | _aBilgisayar | |
| 650 | 4 | _aComputer Sciences | |
| 650 | 0 | _aWindows (Bilgisayar program) | |
| 650 | 0 | _aWindows (Computer programs) | |
| 650 | 7 |
_aCOMPUTERS / Operating Systems / Windows Workstation _2bisacsh |
|
| 856 | 4 | 0 | _uhttp://search.ebscohost.com/login.aspx?direct=true&scope=site&db=e011xww&AN=788015 |
| 999 |
_c2696 _d2696 |
||